Most Populous City per Country Quiz (ABC) - Statistics

General Stats
  • This quiz has been taken 20 times
  • The average score is 28 of 33
Answer Stats
Country Answer % Correct
Andorra Andorra la Vella
100%
Azerbaijan Baku
100%
Argentina Buenos Aires
100%
Afghanistan Kabul
100%
Belarus Minsk
100%
Australia Sydney
100%
Austria Vienna
100%
Algeria Algiers
95%
Bangladesh Dhaka
95%
Albania Tirana
95%
Colombia Bogota
90%
Bahamas Nassau
90%
Czechia Prague
90%
Brazil Sao Paulo
90%
Canada Toronto
90%
Armenia Yerevan
90%
Cuba Havana
85%
Cyprus Nicosia
85%
Chile Santiago
85%
Bosnia and Herzegovina Sarajevo
85%
Bulgaria Sofia
85%
Barbados Bridgetown
80%
Angola Luanda
80%
Croatia Zagreb
80%
Cambodia Phnom Penh
75%
Costa Rica San Jose
75%
China Guangzhou
70%
Bahrain Manama
70%
Bhutan Thimphu
70%
Belize Belize City
65%
Antigua and Barbuda St John's
65%
Bolivia Santa Cruz
50%
Brunei Bandar Seri Begawan
45%
No matching quizzes found
Score Distribution
Percent of People with Each Score
Percentile by Number Answered
Your Score History
You have not taken this quiz